| 000 | 00918nam a2200253 a 4500 | ||
|---|---|---|---|
| 001 | 000025031 | ||
| 005 | 20240410073846.0 | ||
| 008 | 110209t2002 dr ac 001 0bspa d | ||
| 040 |
_aDO-SdBNP _bspa _cBNPHU |
||
| 082 |
_a923.27293 _bD812T, 2002 |
||
| 100 | 1 |
_aTroncoso Sánchez, Pedro, _d1904-1989 _923599 |
|
| 245 | 1 | 0 |
_aVida de Juan Pablo Duarte / _cPedro Troncoso Sánchez. |
| 250 | _a3a ed. | ||
| 260 |
_aSanto Domingo : _bInstituto Duartiano, _c2002. |
||
| 300 |
_a523 p. : _bil., retr. ; _c23 cm. |
||
| 490 | 1 |
_aDuartiana _vv. 11 |
|
| 586 | _aPremio Nacional de Historia 1976 | ||
| 590 | _aInventariado, 2020/BT | ||
| 600 | 1 | 0 |
_aDuarte, Juan Pablo, _d1813-1876 _91494 |
| 651 | 0 |
_aRepública Dominicana -- _xHistoria -- _y1844-1930 _91009 |
|
| 651 | 4 |
_aRepública Dominicana _xHistoria _yOCUPACIÓN HAITIANA, 1822-1844 _97666 |
|
| 830 | 0 |
_aDuartiana _vv. 11 _936088 |
|
| 910 | _aValidado. Control de calidad EMS | ||
| 999 |
_c24524 _d24524 |
||